000 00932nam a2200253Ia 4500
003 OSt
005 20221005103003.0
006 a|||||r|||| 00| 0
007 ta
008 221004b |||||||| |||| 00| 0 hin d
024 _a107584
037 _cTextual
040 _aCRL
_cCRL
_bhin
041 _2hin
_ahin
082 _aO15Or2:g, 152J2
100 _aशर्मा, सरनामसिंह
245 0 _aहिन्दी - साहित्य पर संस्कृत साहित्य का प्रभाव
246 _aHindī - sāhitya par sanskṛut sāhitya kā prabhāva
260 _aइलाहाबाद
_bरामनायण लाल भारत
_c1952
300 _a262पृ0
_ccm.
650 _aहिन्दी साहित्य
942 _hO15Or2:g, 152J2
_cTEXL
_2cc
999 _c1009235
_d1009235